Common Knowledge Geography - Statistics

General Stats
  • This quiz has been taken 87 times
    48 since last reset
  • The average score is 13 of 15
Answer Stats
Question Answer % Correct
Which country has the biggest population India
100%
What is the tallest mountain in the world Mt. Everest
100%
What is the hottest continent Africa
95%
Which continent is also a country Australia
95%
What country lies above Mexico United states
95%
What continent is Britain located in Europe
93%
What is the smallest country in the world Vatican city
93%
What is the capital of Thailand Bangkok
91%
What is the capital of Spain Madrid
91%
Where is the Yellow River found China
89%
What is the capital of India New Delhi
89%
What is the biggest desert in the world Antarctica
77%
Another Name For The Netherlands is Holland
75%
Where is Andes located South America
75%
What do you call a chain of mountains Mountain Range
64%
No matching quizzes found
Score Distribution
Percent of People with Each Score
Percentile by Number Answered
Your Score History
You have not taken this quiz since the last reset